000 01102nam a2200289 c 4500
003 BLK
005 20180420221819.0
008 180408b bul|||||r ||||||| ||bul||
010 _aKNG00051225000
040 _aBLK
041 _aBUL
_cBUL
080 _aАмериканска литература (на САЩ)
_b821.111(73)
_x-31
_z821.111(73)-31
100 1 _aУилямс, Чарлс
_eпърви автор
_9281410
700 1 _aГерманова, Росица
_eпрев. от англ.
_9246156
139 _aУилямс, Чарлс
_bУ 40
245 1 0 _aБез скрупули
_bРоман
_cЧарлс Уилямс; прев. от англ. Росица Германова.
257 _aUSA
260 Пловдив
_bХристо Г. Данов
_c1987
_fВ. Търново : Д. Найденов
300 _a250 с.
_c15 см
380 _aX
500 _aОриг. загл. Nothing in her way / Charles Williams.
852 _aЦб І 23474
856 4 _qpdf
_u
856 4 _qpdf
_u
942 _cKNG
_n0
944 _aCR
_c02.06.2016
_kМилена_Ачева
944 _aED
_c02.06.2016
_kМилена_Ачева
999 _c47413
_d47413